Nations with at least 100 medals at the Summer Olympics - Statistics

General Stats
  • This quiz has been taken 1,652 times
    244 since last reset
  • The average score is 33 of 37
Answer Stats
Total Gold Silver Bronze Nation % Correct
2,765 1,105 879 781 United States
100%
1,01 395 319 296 Soviet Union
99%
727 303 226 198 China
98%
409 153 129 127 East Germany
98%
688 213 220 255 Germany
98%
542 189 162 191 Japan
98%
118 28 54 36 United Team of Germany
98%
204 56 67 81 West Germany
98%
815 239 277 299 France
97%
980 298 339 343 Great Britain
97%
170 40 49 81 Brazil
96%
353 80 117 156 Canada
96%
658 229 201 228 Italy
96%
422 147 125 150 Russia
96%
514 151 181 182 Sweden
96%
600 182 192 226 Australia
95%
112 45 38 29 Unified Team
94%
171 65 53 53 Norway
93%
320 109 100 111 South Korea
93%
305 101 85 119 Finland
92%
187 53 76 58 Spain
92%
356 110 112 134 Netherlands
89%
308 73 93 142 Poland
89%
214 54 81 79 Switzerland
87%
167 47 57 63 Belgium
86%
129 36 46 47 Greece
86%
157 63 40 54 New Zealand
86%
101 22 35 44 Austria
85%
214 50 80 84 Denmark
83%
111 41 29 41 Turkey
83%
530 187 161 182 Hungary
79%
317 93 101 123 Romania
77%
151 38 41 72 Ukraine
75%
231 57 89 85 Bulgaria
71%
124 39 44 41 Kenya
67%
244 86 70 88 Cuba
65%
143 49 49 45 Czechoslovakia
55%
No matching quizzes found
Score Distribution
Percent of People with Each Score
Percentile by Number Answered
Your Score History
You have not taken this quiz since the last reset